[Event "HUN-chT2 Szechenyi 2122"]
[Site "Hungary"]
[Date "2022.02.27"]
[Round "7.6"]
[White "Olah, Jozsef"]
[Black "Gabor, Attila"]
[Result "1-0"]
[WhiteElo "1880"]
[BlackElo "1774"]
[PlyCount "63"]
[EventDate "2021.10.10"]
[EventType "team-tourn"]
[EventRounds "9"]
[EventCountry "HUN"]
[SourceTitle "EXT 2025"]
[Source "ChessBase"]
[SourceDate "2024.10.14"]
[SourceVersion "1"]
[SourceVersionDate "2024.10.14"]
[SourceQuality "1"]
[WhiteTeam "Haladas III"]
[BlackTeam "Arboretum Hereny KSE"]
[WhiteTeamCountry "HUN"]
[BlackTeamCountry "HUN"]

1. c4 e5 2. Nc3 Nf6 3. g3 g6 4. Bg2 Bg7 5. Nf3 d6 6. d4 exd4 7. Nxd4 0-0 8. 0-0 Re8 9. Bg5 h6 10. Bf4 Nbd7 11. Nb3 Ne5 12. c5 g5 13. Bxe5 dxe5 14. Qc2 c6 15. Ne4 Nxe4 16. Bxe4 Qe7 17. Rad1 Be6 18. Rd6 Rad8 19. Rfd1 Rxd6 20. cxd6 Qd7 21. Nc5 Qc8 22. d7 Bxd7 23. Nxd7 Rd8 24. Bf5 Qc7 25. Qd3 b6 26. b4 c5 27. bxc5 bxc5 28. Qd5 c4 29. Bg6 c3 30. Qxf7+ Kh8 31. Bc2 Qb7 32. Qg6 1-0

[Event "HUN-chT2 Szechenyi 1617"]
[Site "Hungary"]
[Date "2017.03.12"]
[Round "10.4"]
[White "Szabo, Benjamin"]
[Black "Gabor, Attila"]
[Result "1/2-1/2"]
[WhiteElo "2023"]
[BlackElo "1836"]
[PlyCount "101"]
[EventDate "2016.09.25"]
[EventType "team-tourn"]
[EventRounds "11"]
[EventCountry "HUN"]
[SourceTitle "EXT 2021"]
[Source "ChessBase"]
[SourceDate "2020.10.23"]
[SourceVersion "1"]
[SourceVersionDate "2020.10.23"]
[SourceQuality "1"]
[WhiteTeam "Tapolca VSE II"]
[BlackTeam "Arboretum"]
[WhiteTeamCountry "HUN"]
[BlackTeamCountry "HUN"]

1. d4 d5 2. Nf3 Nc6 3. g3 Bf5 4. Bg2 e6 5. 0-0 h5 6. h4 Nf6 7. b3 Bd6 8. Bb2 Ne7 9. c4 c6 10. Nbd2 Ne4 11. Nxe4 Bxe4 12. Ng5 Bxg2 13. Kxg2 Qd7 14. Qd3 f6 15. Nf3 0-0-0 16. e4 g5 17. e5 fxe5 18. dxe5 Bc7 19. Nxg5 Nf5 20. cxd5 cxd5 21. Rac1 Kb8 22. Rfe1 Rc8 23. Red1 Bd8 24. Rxc8+ Kxc8 25. Rc1+ Kb8 26. Nf3 Rg8 27. Kh2 Qf7 28. Ba3 Bxh4 29. Qc2 a5 30. Nxh4 Nxh4 31. Bd6+ Ka8 32. Qc5 Nf3+ 33. Kh1 b6 34. Qxb6 Qa7 35. Qxa7+ Kxa7 36. Rc7+ Kb6 37. Re7 Rg6 38. Rf7 Nd4 39. Rf4 Nf5 40. Ba3 Kb5 41. Bc1 Rg5 42. Bd2 d4 43. a4+ Kb6 44. Kh2 Rg4 45. Rxg4 hxg4 46. Kg2 d3 47. Bc3 Ka6 48. f3 Ne3+ 49. Kg1 gxf3 50. Bd2 Ng4 51. Kf1 1/2-1/2

[Event "HUN-chT2 Szechenyi 1617"]
[Site "Hungary"]
[Date "2017.01.29"]
[Round "7.6"]
[White "Gabor, Attila"]
[Black "Szabo, Laszlo3"]
[Result "1/2-1/2"]
[WhiteElo "1836"]
[BlackElo "2015"]
[PlyCount "41"]
[EventDate "2016.09.25"]
[EventType "team-tourn"]
[EventRounds "11"]
[EventCountry "HUN"]
[SourceTitle "EXT 2021"]
[Source "ChessBase"]
[SourceDate "2020.10.23"]
[SourceVersion "1"]
[SourceVersionDate "2020.10.23"]
[SourceQuality "1"]
[WhiteTeam "Arboretum"]
[BlackTeam "Gyor Szechenyi"]
[WhiteTeamCountry "HUN"]
[BlackTeamCountry "HUN"]

1. e4 c5 2. Nf3 Nc6 3. c4 g6 4. d4 cxd4 5. Nxd4 Bg7 6. Nxc6 bxc6 7. Qc2 d6 8. Nc3 Nf6 9. Be2 Qc7 10. 0-0 0-0 11. Bf4 e5 12. Bd2 Be6 13. f4 exf4 14. Bxf4 Nd7 15. Rad1 Ne5 16. b3 Rad8 17. Qc1 Qa5 18. Bd2 Qb6+ 19. Be3 Qa5 20. Bd2 Qb6+ 21. Be3 1/2-1/2

[Event "HUN-chT2 Szechenyi 1516"]
[Site "Hungary"]
[Date "2016.02.14"]
[Round "7.7"]
[White "Kaufmann, Attila"]
[Black "Gabor, Attila"]
[Result "1/2-1/2"]
[WhiteElo "1986"]
[BlackElo "1833"]
[PlyCount "123"]
[EventDate "2015.09.13"]
[EventType "team-tourn"]
[EventRounds "11"]
[EventCountry "HUN"]
[SourceTitle "EXT 2017"]
[Source "ChessBase"]
[SourceDate "2016.10.25"]
[SourceVersion "1"]
[SourceVersionDate "2016.10.25"]
[SourceQuality "1"]
[WhiteTeam "Ajka Banyasz"]
[BlackTeam "Arboretum"]
[WhiteTeamCountry "HUN"]
[BlackTeamCountry "HUN"]

1. d4 d5 2. Nf3 Nf6 3. c4 e6 4. Nc3 Be7 5. Bg5 Nbd7 6. e3 c6 7. Be2 h6 8. Bh4 Ne4 9. Bxe7 Qxe7 10. Nd2 Nxc3 11. bxc3 e5 12. cxd5 cxd5 13. 0-0 0-0 14. Qb3 Nf6 15. Rfe1 b6 16. a4 Rb8 17. Nf3 e4 18. Ne5 Qd6 19. Rec1 Nd7 20. Nxd7 Bxd7 21. c4 dxc4 22. Bxc4 Qg6 23. Rc2 Rbc8 24. Rac1 Rc6 25. Ba6 Bh3 26. g3 Rf6 27. Qd5 h5 28. Rc6 Be6 29. Qe5 h4 30. Be2 hxg3 31. hxg3 Qh7 32. Bf1 Rh6 33. Bg2 Rh5 34. Qxe4 Ra5 35. Qxh7+ Kxh7 36. Be4+ g6 37. Bc2 Kg7 38. e4 Bg4 39. Kg2 Bd7 40. Rc4 Rh8 41. Bd1 a6 42. Rb1 b5 43. axb5 Bxb5 44. Rc7 Bd3 45. Bc2 Bb5 46. Bb3 Rf8 47. e5 Bd3 48. Rd1 Be4+ 49. f3 Bd5 50. Bxd5 Rxd5 51. e6 Kf6 52. Rxf7+ Rxf7 53. exf7 Kxf7 54. Kf2 a5 55. Ke3 a4 56. Ke4 Ra5 57. Rd2 a3 58. Ra2 Ke6 59. f4 Ra4 60. g4 Kd6 61. f5 gxf5+ 62. gxf5 1/2-1/2

[Event "HUN-chT2 Szechenyi 1516"]
[Site "Hungary"]
[Date "2015.10.04"]
[Round "2.4"]
[White "Bodor, Gergely"]
[Black "Gabor, Attila"]
[Result "1/2-1/2"]
[WhiteElo "1823"]
[BlackElo "1833"]
[PlyCount "90"]
[EventDate "2015.09.13"]
[EventType "team-tourn"]
[EventRounds "11"]
[EventCountry "HUN"]
[SourceTitle "CBM 170 Extra"]
[Source "ChessBase"]
[SourceDate "2016.02.25"]
[SourceVersion "1"]
[SourceVersionDate "2016.02.25"]
[SourceQuality "1"]
[WhiteTeam "Szechenyi ESE"]
[BlackTeam "Arboretum"]
[WhiteTeamCountry "HUN"]
[BlackTeamCountry "HUN"]

1. e4 e5 2. Nf3 Nc6 3. Bc4 Be7 4. Nc3 Nf6 5. d3 d6 6. h3 Na5 7. Bb3 Nxb3 8. axb3 a6 9. 0-0 0-0 10. Be3 Be6 11. d4 exd4 12. Nxd4 Bd7 13. f4 Ne8 14. Qd2 c6 15. Rad1 Qc7 16. Nf3 Rd8 17. Qf2 Ra8 18. Bb6 Qc8 19. Qd4 Bd8 20. Bxd8 Qxd8 21. e5 d5 22. Kh1 Nc7 23. Qd3 g6 24. g4 f5 25. exf6 Qxf6 26. Ne5 Be6 27. Na4 d4 28. Nc5 Bd5+ 29. Ne4 Rad8 30. Qxd4 Ne6 31. Qxd5 cxd5 32. Nxf6+ Rxf6 33. f5 gxf5 34. Rxf5 Kg7 35. Rdf1 Rxf5 36. gxf5 Nd4 37. f6+ Kf8 38. f7 Nc6 39. Rg1 Ne7 40. b4 d4 41. Rg5 Rd6 42. Kh2 Ng6 43. Nxg6+ hxg6 44. Rc5 Rd7 45. Kg3 Kxf7 1/2-1/2

[Event "HUN-chT2 Szechenyi 1516"]
[Site "Hungary"]
[Date "2015.09.13"]
[Round "1.6"]
[White "Gabor, Attila"]
[Black "Domotor, Jozsef"]
[Result "0-1"]
[WhiteElo "1833"]
[BlackElo "1959"]
[PlyCount "112"]
[EventDate "2015.09.13"]
[EventType "team-tourn"]
[EventRounds "11"]
[EventCountry "HUN"]
[SourceTitle "CBM 170 Extra"]
[Source "ChessBase"]
[SourceDate "2016.02.25"]
[SourceVersion "1"]
[SourceVersionDate "2016.02.25"]
[SourceQuality "1"]
[WhiteTeam "Arboretum"]
[BlackTeam "Zala Volan"]
[WhiteTeamCountry "HUN"]
[BlackTeamCountry "HUN"]

1. e4 e6 2. Nf3 d5 3. exd5 exd5 4. d4 Bd6 5. Bd3 Ne7 6. 0-0 0-0 7. Ne5 f6 8. Ng4 c6 9. Ne3 Be6 10. f4 Qd7 11. Qh5 g6 12. Qh4 Nf5 13. Nxf5 Bxf5 14. Qg3 Na6 15. c3 Nc7 16. Nd2 Rae8 17. Bxf5 Qxf5 18. Nf3 Re4 19. Nh4 Qh5 20. h3 Rfe8 21. Qg4 Qxg4 22. hxg4 Kg7 23. g3 Re2 24. Nf3 c5 25. Rf2 cxd4 26. cxd4 Bb4 27. Rxe2 Rxe2 28. Kf1 Rc2 29. a3 Ba5 30. b4 Bb6 31. Be3 Rc3 32. Ke2 Nb5 33. a4 Nd6 34. Nd2 Nc4 35. Nxc4 Rxc4 36. a5 Bd8 37. b5 h6 38. a6 bxa6 39. bxa6 Rc6 40. Kd3 h5 41. gxh5 gxh5 42. f5 Bc7 43. Rh1 Rxa6 44. Rxh5 Ra3+ 45. Ke2 Bxg3 46. Rh3 Bd6 47. Rh1 a5 48. Rg1+ Kf7 49. Rh1 Ra2+ 50. Kf3 Rh2 51. Rc1 Ke7 52. Rc6 Rh3+ 53. Ke2 a4 54. Ra6 a3 55. Kd2 a2 56. Ra7+ Kd8 0-1

[Event "HUN-chT2 Szechenyi 1112"]
[Site "Hungary"]
[Date "2012.03.25"]
[Round "8.7"]
[White "Gabor, Attila"]
[Black "Soos, Lajos"]
[Result "1/2-1/2"]
[WhiteElo "1912"]
[BlackElo "2028"]
[PlyCount "120"]
[EventDate "2011.09.25"]
[EventType "team-tourn"]
[EventRounds "11"]
[EventCountry "HUN"]
[SourceTitle "EXT 2013"]
[Source "ChessBase"]
[SourceDate "2012.11.22"]
[SourceVersion "1"]
[SourceVersionDate "2012.11.22"]
[SourceQuality "1"]
[WhiteTeam "Arboretum"]
[BlackTeam "Keszthely"]
[WhiteTeamCountry "HUN"]
[BlackTeamCountry "HUN"]

1. e4 d6 2. d4 Nf6 3. Bd3 g6 4. Nf3 Bg7 5. Be3 0-0 6. h3 c5 7. c3 cxd4 8. cxd4 Nc6 9. Nc3 Bd7 10. 0-0 a6 11. Rc1 Rc8 12. Qd2 Re8 13. Bh6 e5 14. Bxg7 Kxg7 15. d5 Nb4 16. Bb1 a5 17. Qe3 Na6 18. Qg5 Qb6 19. Qd2 Nh5 20. Rfe1 Rc7 21. Re2 Rec8 22. Qe3 Nc5 23. Qg5 Nf4 24. Rd2 Bxh3 25. Nxe5 dxe5 26. Qxe5+ Qf6 27. Qxf6+ Kxf6 28. gxh3 Nxh3+ 29. Kg2 Nf4+ 30. Kf3 Ke5 31. Ke3 Na4 32. Rdc2 Nb6 33. b3 f5 34. f3 g5 35. Nb5 Rxc2 36. Rxc2 Rxc2 37. Bxc2 fxe4 38. fxe4 h5 39. Kf3 Nc8 40. a3 Nd6 41. Nxd6 Kxd6 42. Kg3 Ke5 43. b4 axb4 44. axb4 b6 45. Kf3 g4+ 46. Kg3 Ne2+ 47. Kf2 Nd4 48. Bb1 h4 49. Bd3 Kf4 50. d6 Nc6 51. d7 h3 52. e5 g3+ 53. Kg1 Kxe5 54. Bf1 h2+ 55. Kg2 Kd6 56. Be2 Kxd7 57. Bf3 Nxb4 58. Kxg3 Kd6 59. Kxh2 Kc5 60. Kg2 Nd3 1/2-1/2

[Event "HUN-chT2 Szechenyi 1112"]
[Site "Hungary"]
[Date "2011.11.27"]
[Round "4.8"]
[White "Rot, Norbert"]
[Black "Gabor, Attila"]
[Result "0-1"]
[WhiteElo "1856"]
[BlackElo "1912"]
[PlyCount "40"]
[EventDate "2011.09.25"]
[EventType "team-tourn"]
[EventRounds "11"]
[EventCountry "HUN"]
[SourceTitle "EXT 2013"]
[Source "ChessBase"]
[SourceDate "2012.11.22"]
[SourceVersion "1"]
[SourceVersionDate "2012.11.22"]
[SourceQuality "1"]
[WhiteTeam "Pet"]
[BlackTeam "Arboretum"]
[WhiteTeamCountry "HUN"]
[BlackTeamCountry "HUN"]

1. e4 e5 2. Nf3 Nc6 3. Bb5 d6 4. 0-0 Bd7 5. c3 Be7 6. Re1 Nf6 7. d4 exd4 8. cxd4 0-0 9. Nc3 a6 10. Ba4 b5 11. Bb3 Na5 12. Bc2 Bg4 13. Bf4 Nh5 14. Bc1 c5 15. dxc5 dxc5 16. Qxd8 Rfxd8 17. Nd5 Bf8 18. Ne5 Be6 19. Nb6 Rab8 20. Nc6 Nxc6 0-1

[Event "HUN-chT2 Szechenyi 1112"]
[Site "Hungary"]
[Date "2011.10.30"]
[Round "2.9"]
[White "Domotor, Jozsef"]
[Black "Gabor, Attila"]
[Result "1-0"]
[WhiteElo "1974"]
[BlackElo "1912"]
[PlyCount "83"]
[EventDate "2011.09.25"]
[EventType "team-tourn"]
[EventRounds "11"]
[EventCountry "HUN"]
[SourceTitle "EXT 2013"]
[Source "ChessBase"]
[SourceDate "2012.11.22"]
[SourceVersion "1"]
[SourceVersionDate "2012.11.22"]
[SourceQuality "1"]
[WhiteTeam "Zala Volan"]
[BlackTeam "Arboretum"]
[WhiteTeamCountry "HUN"]
[BlackTeamCountry "HUN"]

1. d4 c5 2. d5 Nf6 3. c4 g6 4. Nc3 Bg7 5. e4 d6 6. Bd3 Nbd7 7. Nf3 Ne5 8. Be2 0-0 9. 0-0 Bd7 10. h3 a6 11. a4 Qc7 12. Nd2 Be8 13. f4 Ned7 14. Nf3 e5 15. fxe5 dxe5 16. Bg5 Qd6 17. Ne1 h6 18. Be3 Nh7 19. Qd2 g5 20. Nd3 f6 21. Bg4 b6 22. a5 b5 23. cxb5 c4 24. Be6+ Kh8 25. Bxd7 cxd3 26. Bxe8 Rfxe8 27. b6 f5 28. Rxf5 Nf6 29. g4 Qb4 30. Qxd3 Qxb2 31. Rff1 Qb4 32. Rfb1 Qd6 33. b7 Rab8 34. Rb6 Qd8 35. Rab1 Nd7 36. Rc6 Qe7 37. Qxa6 Qf7 38. Qe2 Nf8 39. a6 Ng6 40. a7 Rxb7 41. Rxb7 Qxb7 42. Rxg6 1-0

[Event "Budapest-chT1 Lilienthal 1011"]
[Site "Budapest"]
[Date "2010.10.31"]
[Round "3"]
[White "Gabor, Attila"]
[Black "Zsembery, Aron"]
[Result "0-1"]
[WhiteElo "1909"]
[BlackElo "1855"]
[PlyCount "92"]
[EventDate "2010.09.19"]
[EventType "team-tourn"]
[EventRounds "11"]
[EventCountry "HUN"]
[SourceTitle "EXT 2020"]
[Source "ChessBase"]
[SourceDate "2019.10.17"]
[SourceVersion "1"]
[SourceVersionDate "2019.10.17"]
[SourceQuality "1"]
[WhiteTeam "Csepel"]
[BlackTeam "Penzugyor III"]
[WhiteTeamCountry "HUN"]
[BlackTeamCountry "HUN"]

1. d4 Nf6 2. c4 e6 3. Bg5 d5 4. Nc3 Be7 5. e3 0-0 6. Nf3 b6 7. cxd5 Nxd5 8. Nxd5 exd5 9. Bxe7 Qxe7 10. Qb3 Qd6 11. Rc1 Be6 12. Qc2 Rc8 13. Bd3 g6 14. 0-0 c5 15. Qa4 Nd7 16. Ba6 Rc7 17. dxc5 bxc5 18. Qh4 Qxa6 19. Ng5 Nf8 20. Qf4 Rac8 21. Nf3 Qd3 22. Rc3 Qf5 23. Qa4 Qg4 24. Qa6 Qb4 25. Qe2 d4 26. a3 Qb6 27. Rcc1 dxe3 28. Qxe3 Qxb2 29. Rb1 Qf6 30. Rfc1 Nd7 31. Qh6 Qg7 32. Qe3 c4 33. Rb4 Nb6 34. Qg5 c3 35. Rh4 Nd5 36. h3 c2 37. Qd2 Nc3 38. Ng5 Rd7 39. Qe3 Rd1+ 40. Kh2 Nd5 41. Qe2 Rxc1 42. Nxe6 Re8 43. Qd2 Rxe6 44. Qxc1 Qe5+ 45. g3 Qe2 46. Kg2 Ne3+ 0-1